MARC details
| 000 -LEADER |
| fixed length control field |
04793cgm a2200865Ii 4500 |
| 001 - CONTROL NUMBER |
| control field |
ocn915178291 |
| 003 - CONTROL NUMBER IDENTIFIER |
| control field |
OCoLC |
| 005 - DATE AND TIME OF LATEST TRANSACTION |
| control field |
20241220163904.0 |
| 007 - PHYSICAL DESCRIPTION FIXED FIELD--GENERAL INFORMATION |
| fixed length control field |
vd cvaizk |
| 008 - FIXED-LENGTH DATA ELEMENTS--GENERAL INFORMATION |
| fixed length control field |
150731s2015 cau115 vleng d |
| 040 ## - CATALOGING SOURCE |
| Original cataloging agency |
TEFMT |
| Language of cataloging |
eng |
| Description conventions |
rda |
| Transcribing agency |
TEFMT |
| Modifying agency |
OCLCO |
| -- |
TEF |
| -- |
OCLCO |
| -- |
BDX |
| -- |
MR0 |
| -- |
OCLCO |
| -- |
OCLCF |
| -- |
IHY |
| -- |
UINTA |
| 024 1# - OTHER STANDARD IDENTIFIER |
| Standard number or code |
025192242045 |
| 024 1# - OTHER STANDARD IDENTIFIER |
| Standard number or code |
025192242137 |
| 028 42 - PUBLISHER NUMBER |
| Publisher number |
61142595 |
| Source |
Universal Studios Canada |
| 028 42 - PUBLISHER NUMBER |
| Publisher number |
61142603 |
| Source |
Universal Studios Canada |
| 035 ## - SYSTEM CONTROL NUMBER |
| System control number |
(OCoLC)915178291 |
| 041 1# - LANGUAGE CODE |
| Language code of text/sound track or separate title |
eng |
| -- |
fre |
| -- |
spa |
| -- |
eng |
| -- |
fre |
| -- |
spa |
| Language code of original and/or intermediate translations of text |
eng |
| 050 #4 - LIBRARY OF CONGRESS CALL NUMBER |
| Classification number |
PN1997.2 |
| Item number |
.P58 2015 |
| 082 04 - DEWEY DECIMAL CLASSIFICATION NUMBER |
| Classification number |
791.43/72 |
| Edition number |
23 |
| 049 ## - LOCAL HOLDINGS (OCLC) |
| Holding library |
UCLB |
| 245 00 - TITLE STATEMENT |
| Title |
Pitch perfect 2 / |
| Statement of responsibility, etc |
a Gold Circle Entertainment/Brownstone production ; produced by Paul Brooks, Max Handelman, Elizabeth Banks ; written by Kay Cannon ; directed by Elizabeth Banks. |
| 264 #1 - Production, Publication, Distribution, Manufacture, and Copyright Notice. |
| Place of production, publication, distribution, manufacture |
[Universal City, California] : |
| Name of producer, publisher, distributor, manufacturer |
Universal Studios Canada, |
| Date of production, publication, distribution, manufacture, or copyr |
[2015] |
| 300 ## - PHYSICAL DESCRIPTION |
| Extent |
1 videodisc (115 min.) : |
| Other physical details |
sound, color ; |
| Dimensions |
4 3/4 in. |
| 336 ## - Content Type |
| Content type term |
two-dimensional moving image |
| 337 ## - Media type |
| Media type term |
video |
| 338 ## - Carrier type |
| Carrier type term |
videodisc |
| 340 ## - PHYSICAL MEDIUM |
| Material base and configuration |
DVD video |
| Dimensions |
4 3/4 in. |
| -- |
rda |
| 344 ## - |
| -- |
digital |
| -- |
optical |
| -- |
5.1 surround |
| -- |
2.0 stereo |
| -- |
Dolby Digital |
| -- |
rda |
| 345 ## - |
| -- |
anamorphic widescreen (1.85:1) |
| -- |
rda |
| 346 ## - |
| -- |
DVD-video |
| -- |
NTSC |
| -- |
rda |
| 347 ## - |
| -- |
video file |
| -- |
DVD video |
| -- |
region 1 |
| -- |
rda |
| 380 ## - |
| -- |
Motion picture. |
| 538 ## - SYSTEM DETAILS NOTE |
| System details note |
DVD ; anamorphic widescreen (1.85:1) presentation ; Dolby digital 5.1 surround (English, Spanish and French) and 2.0 stereo. (English DVS). |
| 546 ## - LANGUAGE NOTE |
| Language note |
In English, dubbed Spanish or dubbed French, with optional subtitles in Spanish or French. |
| 546 ## - LANGUAGE NOTE |
| Language note |
English subtitles for the deaf and hard of hearing. |
| 546 ## - LANGUAGE NOTE |
| Language note |
Optional descriptive audio in English for the visually impaired. |
| 500 ## - GENERAL NOTE |
| General note |
Title from container. |
| 511 1# - PARTICIPANT OR PERFORMER NOTE |
| Participant or performer note |
Anna Kendrick, Rebel Wilson, Hailee Steinfeld, Brittany Snow, Skylar Astin, Adam Devine, Katey Sagal, Anna Camp, Elizabeth Banks. |
| 508 ## - CREATION/PRODUCTION CREDITS NOTE |
| Creation/production credits note |
Music, Mark Mothersbaugh ; editor, Craig Alpert ; director of photography, Jim Denault. |
| 500 ## - GENERAL NOTE |
| General note |
DVD release of the 2015 motion picture. |
| 521 8# - TARGET AUDIENCE NOTE |
| Target audience note |
MPAA rating: PG-13; for innuendo and language. |
| 520 ## - SUMMARY, ETC. |
| Summary, etc |
The Barden Bellas are back to pitch slap the world. It's been three years since the Bellas brought their signature vocals, style and attitude to become the first all-female group to win a national title. But when they get banned after a scandal that threatens to derail their last year at Barden, the three-time defending champs worry that this time they've lost their harmony for good. The Bellas must fight for their right to win the World Championships of A Cappella in Copenhagen. |
| 500 ## - GENERAL NOTE |
| General note |
Bonus features: Deleted/extended/alternate scenes ; gag reel ; extended musical performances ; the Bellas are back ; feature commentary with filmmakers. |
| 650 #0 - SUBJECT ADDED ENTRY--TOPICAL TERM |
| Topical term or geographic name as entry element |
College students |
| Form subdivision |
Drama. |
| 9 (RLIN) |
5692848 |
| 650 #0 - SUBJECT ADDED ENTRY--TOPICAL TERM |
| Topical term or geographic name as entry element |
Choral societies |
| Form subdivision |
Drama. |
| 9 (RLIN) |
6438840 |
| 650 #0 - SUBJECT ADDED ENTRY--TOPICAL TERM |
| Topical term or geographic name as entry element |
Music in universities and colleges |
| Form subdivision |
Drama. |
| 9 (RLIN) |
6438841 |
| 650 #0 - SUBJECT ADDED ENTRY--TOPICAL TERM |
| Topical term or geographic name as entry element |
Female friendship |
| Form subdivision |
Drama. |
| 9 (RLIN) |
5719300 |
| 650 #7 - SUBJECT ADDED ENTRY--TOPICAL TERM |
| Topical term or geographic name as entry element |
Choral societies. |
| Source of heading or term |
fast |
| -- |
(OCoLC)fst00858549 |
| 9 (RLIN) |
6244260 |
| 650 #7 - SUBJECT ADDED ENTRY--TOPICAL TERM |
| Topical term or geographic name as entry element |
College students. |
| Source of heading or term |
fast |
| -- |
(OCoLC)fst00867976 |
| 650 #7 - SUBJECT ADDED ENTRY--TOPICAL TERM |
| Topical term or geographic name as entry element |
Music in universities and colleges. |
| Source of heading or term |
fast |
| -- |
(OCoLC)fst01030565 |
| 9 (RLIN) |
6244261 |
| 655 #7 - INDEX TERM--GENRE/FORM |
| Genre/form data or focus term |
Feature films. |
| Source of term |
lcgft |
| 655 #7 - INDEX TERM--GENRE/FORM |
| Genre/form data or focus term |
Musical films. |
| Source of term |
lcgft |
| 655 #7 - INDEX TERM--GENRE/FORM |
| Genre/form data or focus term |
Comedy films. |
| Source of term |
lcgft |
| 655 #7 - INDEX TERM--GENRE/FORM |
| Genre/form data or focus term |
Fiction films. |
| Source of term |
lcgft |
| 655 #7 - INDEX TERM--GENRE/FORM |
| Genre/form data or focus term |
Video recordings for the hearing impaired. |
| Source of term |
lcgft |
| 655 #7 - INDEX TERM--GENRE/FORM |
| Genre/form data or focus term |
Video recordings for people with visual disabilities. |
| Source of term |
lcgft |
| 9 (RLIN) |
5676923 |
| 655 #7 - INDEX TERM--GENRE/FORM |
| Genre/form data or focus term |
Comedy films. |
| Source of term |
fast |
| -- |
(OCoLC)fst01710291 |
| 655 #7 - INDEX TERM--GENRE/FORM |
| Genre/form data or focus term |
Drama. |
| Source of term |
fast |
| -- |
(OCoLC)fst01423879 |
| 655 #7 - INDEX TERM--GENRE/FORM |
| Genre/form data or focus term |
Feature films. |
| Source of term |
fast |
| -- |
(OCoLC)fst01710384 |
| 655 #7 - INDEX TERM--GENRE/FORM |
| Genre/form data or focus term |
Musical films. |
| Source of term |
fast |
| -- |
(OCoLC)fst01710273 |
| 655 #7 - INDEX TERM--GENRE/FORM |
| Genre/form data or focus term |
Video recordings for people with visual disabilities. |
| Source of term |
fast |
| -- |
(OCoLC)fst01710451 |
| 9 (RLIN) |
5676923 |
| 655 #7 - INDEX TERM--GENRE/FORM |
| Genre/form data or focus term |
Video recordings for the hearing impaired. |
| Source of term |
fast |
| -- |
(OCoLC)fst01710450 |
| 700 1# - ADDED ENTRY--PERSONAL NAME |
| Personal name |
Banks, Elizabeth, |
| Dates associated with a name |
1974- |
| Relator term |
film director, |
| -- |
film producer, |
| -- |
actor. |
| 9 (RLIN) |
5692820 |
| 700 1# - ADDED ENTRY--PERSONAL NAME |
| Personal name |
Cannon, Kay, |
| Relator term |
screenwriter. |
| 9 (RLIN) |
6244269 |
| 700 1# - ADDED ENTRY--PERSONAL NAME |
| Personal name |
Kendrick, Anna, |
| Relator term |
actor. |
| 9 (RLIN) |
5714613 |
| 700 1# - ADDED ENTRY--PERSONAL NAME |
| Personal name |
Wilson, Rebel, |
| Relator term |
actor. |
| 9 (RLIN) |
5742375 |
| 700 1# - ADDED ENTRY--PERSONAL NAME |
| Personal name |
Steinfeld, Hailee, |
| Relator term |
actor. |
| 9 (RLIN) |
5742378 |
| 700 1# - ADDED ENTRY--PERSONAL NAME |
| Personal name |
Snow, Brittany, |
| Dates associated with a name |
1986- |
| Relator term |
actor. |
| 9 (RLIN) |
70976 |
| 710 2# - ADDED ENTRY--CORPORATE NAME |
| Corporate name or jurisdiction name as entry element |
Universal Studios Canada, |
| Relator term |
publisher. |
| 9 (RLIN) |
77486 |
| 730 02 - ADDED ENTRY--UNIFORM TITLE |
| -- |
Container of (work): |
| Uniform title |
Pitch perfect 2 (Motion picture) |
| 9 (RLIN) |
6438849 |
| 730 02 - ADDED ENTRY--UNIFORM TITLE |
| -- |
Container of (expression): |
| Uniform title |
Pitch perfect 2 (Motion picture). |
| Language of a work |
French. |
| 9 (RLIN) |
6534156 |
| 730 02 - ADDED ENTRY--UNIFORM TITLE |
| -- |
Container of (expression): |
| Uniform title |
Pitch perfect 2 (Motion picture). |
| Language of a work |
Spanish. |
| 9 (RLIN) |
6534157 |
| 938 ## - |
| -- |
Brodart |
| -- |
BROD |
| -- |
112891012 |
| 994 ## - |
| -- |
C0 |
| -- |
UINTA |